000 00684nam a2200253Ia 4500
003 OSt
005 20220912151340.0
006 a|||||r|||| 00| 0
007 ta
008 220909b |||||||| |||| 00| 0 eng d
024 _a40579
037 _cTextual
040 _aCSL
_beng
_cCSL
041 _aeng
082 _aB25,1, L6-;1
100 _aMansfield Larry E
245 0 _aLinear Algebra with geometric applications
260 _aNew York
_b Macel Dekker
_c1976
300 _aix, 496p.
_ccm.
490 _aPure and applied mathematics
650 _aLinear Algebra
942 _hB25,1, L6-;1
_cTEXL
_2CC
999 _c66674
_d66674